STILL LIFE : (Record no. 188623)
[ view plain ]
| 000 -LEADER | |
|---|---|
| fixed length control field | 00894nam a2200253 i 4500 |
| 005 - DATE AND TIME OF LATEST TRANSACTION | |
| control field | 20220802104652.0 |
| 008 - FIXED-LENGTH DATA ELEMENTS--GENERAL INFORMATION | |
| fixed length control field | 220802s2021 -ukao g 001 0 eng d |
| 020 ## - INTERNATIONAL STANDARD BOOK NUMBER | |
| International Standard Book Number | 9781784946173 |
| Terms of availability | RM 72.50 |
| Qualifying information | paperback |
| 040 ## - CATALOGING SOURCE | |
| Original cataloging agency | PPAK |
| Language of cataloging | eng |
| Transcribing agency | PPAK |
| Description conventions | rda |
| 082 04 - DEWEY DECIMAL CLASSIFICATION NUMBER | |
| Edition number | 23 |
| Classification number | 743.835 |
| 090 00 - LOCALLY ASSIGNED LC-TYPE CALL NUMBER (OCLC); LOCAL CALL NUMBER (RLIN) | |
| Classification number (OCLC) (R) ; Classification number, CALL (RLIN) (NR) | 743.835 |
| Feature heading | JOH |
| Feature heading | G |
| 100 1# - MAIN ENTRY--PERSONAL NAME | |
| Personal name | Johns, Susie, |
| Relator term | author. |
| 245 10 - TITLE STATEMENT | |
| Title | STILL LIFE : |
| Remainder of title | TECHNIQUES AND TUTORIALS FOR THE COMPLETE BEGINNER / |
| Statement of responsibility, etc. | SUSIE JOHNS |
| 264 #1 - PRODUCTION, PUBLICATION, DISTRIBUTION, MANUFACTURE, AND COPYRIGHT NOTICE | |
| Place of production, publication, distribution, manufacture | East Sussex, United Kingdom : |
| Name of producer, publisher, distributor, manufacturer | Guild of Master Craftsman Publications Ltd, |
| Date of production, publication, distribution, manufacture, or copyright notice | 2021. |
| 300 ## - PHYSICAL DESCRIPTION | |
| Extent | 95 pages : |
| Other physical details | colour illustrations, photographs ; |
| Dimensions | 28 x 22 cm. |
| 336 ## - CONTENT TYPE | |
| Source | rdacontent |
| Content type term | text |
| -- | still images |
| 337 ## - MEDIA TYPE | |
| Source | rdamedia |
| Media type term | unmediated |
| 338 ## - CARRIER TYPE | |
| Source | rdacarrier |
| Carrier type term | volume |
| 500 ## - GENERAL NOTE | |
| General note | Includes index. |
| 650 10 - SUBJECT ADDED ENTRY--TOPICAL TERM | |
| Topical term or geographic name entry element | Drawing |
| General subdivision | Technique. |
| Topical term or geographic name entry element | Watercolor painting |
| General subdivision | Technique. |
| Topical term or geographic name entry element | Still-life in art. |
| 942 ## - ADDED ENTRY ELEMENTS (KOHA) | |
| Source of classification or shelving scheme | Dewey Decimal Classification |
| Koha item type | Book |
| Withdrawn | Not for loan | Current library | Shelving location | Date acquired | Total Checkouts | Full call number | Barcode | Date last seen | Koha item type | Date last checked out |
|---|---|---|---|---|---|---|---|---|---|---|
| Perpustakaan Alor Setar | Pinjaman Dewasa | 11/09/2022 | 743.835 JOH | A01743780 | 11/09/2022 | Book | ||||
| Perpustakaan Awam Sungai Petani | Pinjaman Dewasa | 11/09/2022 | 743.835 JOH | A01743781 | 11/09/2022 | Book | ||||
| Perpustakaan Baling | Pinjaman Dewasa | 11/09/2022 | 743.835 JOH | A01743785 | 11/09/2022 | Book | ||||
| Perpustakaan Bandar Baharu | Pinjaman Dewasa | 11/09/2022 | 743.835 JOH | A01743786 | 11/09/2022 | Book | ||||
| Perpustakaan Jitra | Pinjaman Dewasa | 11/09/2022 | 743.835 JOH | A01743782 | 11/09/2022 | Book | ||||
| Perpustakaan Kuala Nerang | Pinjaman Dewasa | 11/09/2022 | 743.835 JOH | A01743790 | 11/09/2022 | Book | ||||
| Perpustakaan Kulim | Pinjaman Dewasa | 11/09/2022 | 743.835 JOH | A01743784 | 11/09/2022 | Book | ||||
| Perpustakaan Langkawi | Pinjaman Dewasa | 11/09/2022 | 1 | 743.835 JOH | A01743783 | 12/01/2025 | Book | 10/12/2024 | ||
| Perpustakaan Merbok | Pinjaman Dewasa | 11/09/2022 | 743.835 JOH | A01743787 | 11/09/2022 | Book | ||||
| Perpustakaan Pendang | Pinjaman Dewasa | 11/09/2022 | 743.835 JOH | A01743791 | 11/09/2022 | Book | ||||
| Perpustakaan Sik | Pinjaman Dewasa | 11/09/2022 | 743.835 JOH | A01743789 | 11/09/2022 | Book | ||||
| Perpustakaan Yan | Pinjaman Dewasa | 11/09/2022 | 743.835 JOH | A01743788 | 11/09/2022 | Book | ||||
| PD18, Kg. Wang Tepus, Jitra | Pinjaman Dewasa | 11/09/2022 | 743.835 JOH | A01743792 | 11/09/2022 | Book |